| 000 | 00000nam 2200000zi 4500 |
| 001 | 9.911616 |
| 003 | CaOODSP |
| 005 | 20250904135455 |
| 006 | m o d f |
| 007 | cr cn||||||||| |
| 008 | 220525s2021 onc ob f000 0 eng d |
| 040 | |aCaOODSP|beng|erda|cCaOODSP |
| 043 | |an-cn--- |
| 086 | 1 |aRv55-8/11-11-3-2021E-PDF |
| 245 | 00|aAdvance rulings for tariff classification. |
| 250 | |a[September 13, 2021 edition]. |
| 264 | 1|aOttawa : |bCanada Border Services Agency = Agence des services frontaliers du Canada, |c2021. |
| 300 | |a1 online resource (18 pages) |
| 336 | |atext|btxt|2rdacontent |
| 337 | |acomputer|bc|2rdamedia |
| 338 | |aonline resource|bcr|2rdacarrier |
| 490 | 1 |aMemorandum, |x2369-2391 ; |vD11-11-3 |
| 500 | |aIssued also in French under title: Décisions anticipées en matière de classement tarifaire. |
| 500 | |aCaption title. |
| 500 | |a"Ottawa, September 13, 2021." |
| 500 | |a"Superseded Memorandum D, D11-11-3, dated May 25, 2021." |
| 504 | |aIncludes bibliographical references (page 18). |
| 650 | 0|aTariff |vTerminology and classification. |
| 650 | 0|aImports|xLaw and legislation|zCanada. |
| 710 | 2 |aCanada Border Services Agency, |eissuing body. |
| 775 | 08|tDécisions anticipées en matière de classement tarifaire.|w(CaOODSP)9.911617 |
| 794 | |tAdvance rulings for tariff classification.|b[November 1, 2023 edition]|w(CaOODSP)9.937114 |
| 795 | |tAdvance rulings for tariff classification.|b[August 9, 2019 edition]|w(CaOODSP)9.879247 |
| 830 | #0|aMemorandum (Canada Border Services Agency)|vD11-11-3.|w(CaOODSP)9.816825 |
| 856 | 40|qPDF|s540 KB|uhttps://publications.gc.ca/collections/collection_2022/asfc-cbsa/RV55-8-11-11-3-2021-eng.pdf |